Les congés et les jours fériés en Europe - Statistiques

Statistiques générales
  • Ce quiz a été pris 35 fois
  • Le résultat moyen est 50 sur 52
Statistiques - réponses
Citez... Réponse % Correct
un pays dans lequel le jour de Noël est férié Allemagne | Autriche | Belgique | Bulgarie | Chypre | Croatie | Danemark | Espagne | Estonie | Finlande | France | Grèce | Hongrie | Irlande | Italie | Lettonie | Lituanie | Luxembourg | Malte | Pays-Bas | Pologne | Portugal | Tchéquie | Roumanie | Royaume-Uni | Slovaquie | Slovénie | Suède
100%
un pays dans lequel le 1er mai est férié Allemagne | Autriche | Belgique | Bulgarie | Chypre | Croatie | Espagne | Estonie | Finlande | France | Grèce | Hongrie | Irlande | Italie | Lettonie | Lituanie | Luxembourg | Malte | Pologne | Portugal | Tchéquie | Roumanie | Slovaquie | Slovénie | Suède
100%
un pays dans lequel l'Assomption est fériée Allemagne | Autriche | Belgique | Chypre | Croatie | Espagne | France | Grèce | Italie | Lituanie | Luxembourg | Malte | Pologne | Portugal | Roumanie | Slovénie
100%
un pays dans lequel le dimanche de Pâques est férié Allemagne | Autriche | Belgique | Croatie | Danemark | Espagne | Estonie | Finlande | France | Hongrie | Irlande | Italie | Lettonie | Lituanie | Luxembourg | Malte | Pays-Bas | Pologne | Portugal | Tchéquie | Royaume-Uni | Slovaquie | Slovénie | Suède
100%
un pays dans lequel le lundi de Pâques est férié Allemagne | Autriche | Belgique | Croatie | Danemark | Espagne | Finlande | France | Hongrie | Irlande | Italie | Lettonie | Lituanie | Luxembourg | Pays-Bas | Pologne | Tchéquie | Royaume-Uni | Slovaquie | Slovénie | Suède
100%
un pays dans lequel la Toussaint est fériée Allemagne | Autriche | Belgique | Croatie | Espagne | France | Hongrie | Italie | Lituanie | Luxembourg | Pologne | Portugal | Slovaquie | Slovénie
100%
un pays dans lequel le jeudi de l'Ascension est férié Allemagne | Autriche | Belgique | Danemark | Finlande | France | Luxembourg | Pays-Bas | Suède
100%
un pays dans lequel le lundi de Pentecôte est férié Allemagne | Autriche | Belgique | Danemark | France | Hongrie | Luxembourg | Pays-Bas
100%
un pays dans lequel le jour de la St Etienne est férié Allemagne | Autriche | Bulgarie | Chypre | Croatie | Danemark | Espagne | Estonie | Finlande | France | Grèce | Hongrie | Irlande | Italie | Lettonie | Lituanie | Luxembourg | Pays-Bas | Pologne | Tchéquie | Roumanie | Royaume-Uni | Slovaquie | Slovénie | Suède
100%
un pays dans lequel le 6 janvier est férié Allemagne | Autriche [ Chypre | Croatie | Espagne | Finlande | Grèce | Italie | Pologne | Slovaquie | Suè-de
100%
un pays dans lequel la Fête-Dieu est fériée Allemagne | Autriche | Croatie | Pologne | Portugal
100%
un pays dans lequel le congé paternité n'existe pas Allemagne | Autriche | Croatie | Slovaquie
100%
un pays dans lequel le Vendredi saint est férié Allemagne | Autriche | Danemark | Espagne | Estonie | Finlande | France | Hongrie | Lettonie | Malte | Pays-Bas | Portugal | Tchéquie | Royaume-Uni | Slovaquie | Suède
100%
un pays dans lequel on a droit à 20 jours de congés payés Allemagne | Belgique | Bulgarie | Chypre | Croatie | Irlande | Italie | Lettonie | Pays-Bas | Tchéquie | Slovaquie | Slovénie
100%
un pays dans lequel de 20 à 30 % des congés parentaux sont pris par des hommes Allemagne | Danemark | Finlande | Lituanie
100%
un pays dans lequel la veille de Noël est fériée Autriche | Bulgarie | Chypre | Estonie | Finlande | Grèce | Lettonie | Lituanie | Tchéquie | Slovaquie | Suède
100%
un pays dans lequel on a droit à 25 jours de congés payés Autriche | Danemark | Finlande | France | Grèce | Suède
100%
un pays dans lequel le jour de l'Immaculée conception est férié Autriche | Espagne | Italie | Malte | Portugal
100%
un pays dans lequel moins de 10 % des congés parentaux sont pris par des hommes Autriche | Estonie | France | Pologne | Tchéquie
100%
un pays dans lequel le congé maternité est de 16 semaines Autriche | France | Lettonie | Luxembourg | Pays-Bas | Espagne
100%
un pays dans lequel le congé maternité est de 15 semaines Belgique | Finlande | Slovénié
100%
un pays dans lequel le11 novembre est fériée Belgique | France | Pologne
100%
un pays dans lequel le Vendredi saint, le jour de Pâques et le lundi de Pâques du calendrier julien sont fériés Bulgarie | Chypre | Grèce | Roumanie
100%
un pays dans lequel le lundi de Pentecôte du calendrier julien est férié Chypre | Grèce | Roumanie
100%
un pays dans lequel le congé maternité est de 1 an Croatie | Danemark [ Serbie | Royaume-Uni
100%
un pays dans lequel le congé paternité est supérieur à un mois Espagne | Finlande
100%
un pays dans lequel on a droit à 22 jours de congés payés Espagne | Portugal
100%
un pays dans lequel on a droit à 28 jours de congés payés Estonie | Lituanie | Royaume-Uni
100%
un pays dans lequel le 8 mai est férié France | Tchéquie | Slovaquie
100%
un pays dans lequel la veille du jour de l'an est férié Lettonie | Suède
100%
un pays dans lequel le congé maternité est de 18 semaines Lituanie | Roumanie | Portugal
100%
un pays dans lequel le congé paternité est de moins de 10 jours Pays-Bas | Tchéquie | Hongrie | Roumanie | Grèce
100%
un pays dans lequel le congé paternité est compris entre 10 jours et un mois Portugal | France | Irlande | Belgique | Danemark | Suède | Pologne | Italie | Malte | Estonie | Lettonie | Lituanie | Bulgarie | Chypre
100%
un pays dans lequel plus de 30 % des congés parentaux sont pris par des hommes Portugal | Suède
100%
un pays dans lequel le 2 janvier est férié Roumanie | Royaume-Uni | Slovénie
100%
un pays dans lequel le congé maternité est de 420 jours Suède
97%
un pays dans lequel le congé maternité est de 14 semaines Allemagne | Malte
94%
un pays dans lequel le congé maternité est de 36 semaines minimum Norvège
94%
un pays dans lequel le congé maternité est de 20 semaines Estonie | Pologne
91%
un pays dans lequel le congé maternité est de 17 semaines Grèce
91%
un pays dans lequel de 10 à 20 % des congés parentaux sont pris par des hommes Italie
91%
un pays dans lequel le congé maternité est de 5 mois Italie
91%
un pays dans lequel on a droit à 26 jours de congés payés Luxembourg | Pologne
91%
un pays dans lequel le congé maternité est de 28 semaines Tchéquie | Slovaquie
91%
un pays dans lequel le congé maternité est de 24 semaines Hongrie
85%
un pays dans lequel on a droit à 23 jours de congés payés Hongrie
85%
un pays dans lequel le congé maternité est de 26 semaines Irlande
85%
un pays dans lequel le jeudi de l'Ascension du calendrier julien est férié Roumanie
85%
un pays dans lequel on a droit à 21 jours de congés payés Roumanie
85%
un pays dans lequel le congé maternité est de 135 jours Bulgarie
82%
un pays dans lequel le 9 mai est férié Luxembourg
82%
un pays dans lequel on a droit à 24 jours de congés payés Malte
76%
Aucun quiz correspondant
Distribution des résultats
% des personnes avec chaque résultat
Percentile par nombre de réponses
Votre historique - résultats
Vous n’avez pas pris ce quiz